000 00421nam a22001217a 4500
008 230612b xxu||||| |||| 00| 0 eng d
082 _a352.4908
_bKEN
245 _aThe Appropriation Accounts and Other Public Accounts Details Excluding Accounts of the Funds for the Year2000/2001
_cGovernment of Kenya
260 _aKenya
_bGovernment of Kenya
_c2001
300 _a820 p
710 _bGovernment of Kenya
942 _2ddc
_cBK
999 _c1110
_d1110